Innatte Malayāḷa sāhityakāranmār. (Record no. 65886)

MARC details
000 -LEADER
fixed length control field 00708cam a22002411 4500
001 - CONTROL NUMBER
control field sa 65008816
003 - CONTROL NUMBER IDENTIFIER
control field DLC
005 - DATE AND TIME OF LATEST TRANSACTION
control field 20260227112158.0
008 - FIXED-LENGTH DATA ELEMENTS--GENERAL INFORMATION
fixed length control field 890727s1962 ii d 001 0 malo
010 ## - LIBRARY OF CONGRESS CONTROL NUMBER
LC control number sa 65008816
035 ## - SYSTEM CONTROL NUMBER
System control number (OCoLC)20081927
040 ## - CATALOGING SOURCE
Original cataloging agency DLC
Transcribing agency WaU
Modifying agency DLC
042 ## - AUTHENTICATION CODE
Authentication code premarc
050 00 - LIBRARY OF CONGRESS CALL NUMBER
Classification number PL4718.1
Item number .I5
245 00 - TITLE STATEMENT
Title Innatte Malayāḷa sāhityakāranmār.
260 ## - PUBLICATION, DISTRIBUTION, ETC.
Date of publication, distribution, etc. 1962.
300 ## - PHYSICAL DESCRIPTION
Extent viii, 132 p.
Dimensions 22 cm.
500 ## - GENERAL NOTE
General note Added t.p.: Who's who of Malayalam writers.
500 ## - GENERAL NOTE
General note In Malayalam; "Index" in English.
650 #0 - SUBJECT ADDED ENTRY--TOPICAL TERM
Topical term or geographic name entry element Authors, Malayalam
Form subdivision Dictionaries.
710 2# - ADDED ENTRY--CORPORATE NAME
Corporate name or jurisdiction name as entry element Southern Languages Book Trust (Madras, India)
740 0# - ADDED ENTRY--UNCONTROLLED RELATED/ANALYTICAL TITLE
Uncontrolled related/analytical title Who's who of Malayalam writers.

No items available.

Powered by Koha